Normal view
MARC view
- احمد، عبدالرحمن مجاهد
Entry Personal Name
001 - CONTROL NUMBER
- control field: 51939
003 - CONTROL NUMBER IDENTIFIER
- control field: JO-AjAnu
005 - DATE AND TIME OF LATEST TRANSACTION
- control field: 20230606082536.0
008 - FIXED-LENGTH DATA ELEMENTS
- fixed length control field: 230606|| aca||aabn | a|a d
040 ## - CATALOGING SOURCE
- Original cataloging agency: JO-AjAnu
- Transcribing agency: JO-AjAnu
100 ## - HEADING--PERSONAL NAME
- Personal name: احمد، عبدالرحمن مجاهد
670 ## - SOURCE DATA FOUND
- Source citation: Work cat.: (JO-AjAnu)26546: احمد، عبدالرحمن مجاهد, author, دليل المهندسين في خواص ومقاومة واختبار المواد وتحليل الانشاءات وتصميم العناصر والمنشات المدنية ج3:نظرية وتحليل الانشاءات (أ)